Регионална библиотека "Любен Каравелов" - Русе

Унгария (Запис номер 25436)

MARC детайли
000 -Лидер
Контролно поле с фиксирана дължина 02181nam a2200409 c 4500
003 - Код на организацията, давaща контролен номер
Контролно поле BLK
005 - Дата и час на последна редакция
Контролно поле 20240809165522.0
008 - Елементи от данни с фиксирана дължина
fixed length control field 180413b bul|||||r ||||||| ||bul||
010 ## - Наследен системен номер
LC control number KNG00027974000
020 ## - Международен стандартен номер на книга ISBN
Международен стандартен номер на книга ISBN 954-520-139-8
-- издат.: Отворено о-во
040 ## - Източник на каталожния запис
Идентификатор на билиотеката - собственик на записа BLK
041 ## - Код за език
Код за езика на текст/звукозапис или на отделно заглавие Български
Код за езика КДБФ Български
080 ## - УДК
Текстов определител УДК Социография. Социално положение. Условия на политическия и социалния живот. Социално и социално-икономическо положение на отделните страни, народи, раси. Социална география. (Общи въпроси)
УДК код - определител по УДК 308
УДК определител (439)
УДК - код + определител 308(439)
080 ## - УДК
Текстов определител УДК История на Унгария. Вж и 943.6
УДК код - определител по УДК 943.9
УДК определител
УДК - код + определител 943.9
080 ## - УДК
Текстов определител УДК Цивилизация. Култура. Прогрес. История на културата вж 930.85
УДК код - определител по УДК 008
УДК определител (439)
УДК - код + определител 008(439)
100 1# - Редна дума - Автор
Автор Бур, Марта
Авторска отговорност първи автор
R(LIN) 268179
139 ## - Редно поле
Редна дума Бур-Марковска, Марта
Авторски знак Бур - Б 87
245 10 - Сведения за заглавието
Заглавие Унгария
Подзаглавни данни Из кривините на свидната си участ
Редно поле (дума) Марта Бур; Марта Бур-Марковска; съавт. Димитър Дочев Марковски.
257 ## - Страна на издаване
Страна на създаване/издаване България
260 ## - Област на издателските данни
-- София
Име на издателя, разпространителя и проч. Отворено о-во
Година на издаване 1999
Печатница София : Образование и наука
300 ## - Физическа характеристика
Страници 224 с., 8 л.
Илюстрации и др. цв. ил.
Размери/Мащаб 21 см
380 ## - Жанр
Жанр Обществени науки
490 1# - СЕРИИ (Колекции)
Име на серия Очерци за европейските страни
500 ## - Общи забележки
Забележка Офс. изд. - 1 100 тир. - Съдържа и Летописна справка ; Унгарски владетели. - Библиогр. с. 224.
504 ## - Забележка за наличие на библиография и др
Забележка за наличие на библиография и под. 224
650 #4 - Допълнително описание по предмет – тема
Основно описание – тема или топоним Унгария
9 (RLIN) 268181
651 #4 - Допълнително описание по предмет - топоним
Географско понятие Унгария
9 (RLIN) 268181
653 ## - Ключова дума – ненормативна
Ключова дума Унгария
700 1# - Други автори (авторска отговорност)
Лично име Бур-Марковска, Марта
9 (RLIN) 366054
700 1# - Други автори (авторска отговорност)
Лично име Марковски, Димитър Дочев
Автороска отговорност (Описва отношението между автора и произведението) съавт.
9 (RLIN) 268180
852 ## - Местоположение
Форматна сигнатура Цб 200859
856 4# - Електронен адрес и достъп
Електронен формат pdf - файл
Път до файла /url/
856 4# - Електронен адрес и достъп
Електронен формат pdf - файл
Път до файла /url/
942 ## - АРТИКУЛИ
Вид на библиотечния материал Книги
Скрит в OPAC Не
Koha issues (borrowed), all copies 4
944 ## - СЪЗДАВАНЕ И РЕДАКЦИЯ на ЗАПИСА
Създаване/Редакция Създаване
Дата на регистрацията/редакция 15.01.2003
Служител, извършил регистрацията/редакцията 30531
Статус, дата на статуса Цветелина Шанова
944 ## - СЪЗДАВАНЕ И РЕДАКЦИЯ на ЗАПИСА
Създаване/Редакция Редакция
Дата на регистрацията/редакция 09.11.2010
Служител, извършил регистрацията/редакцията
999 ## - СИСТЕМНИ КОНТРОЛНИ НОМЕРА
Koha biblionumber 25436
Koha biblioitemnumber 25436
Наличности
Код за отписване Код за изгубен артикул Източник на класификационната схема Код за повреда Коз за рестрикции Код за отдаване Артикулен № Име на библиотеката - собственик Име на библиотеката, в която се намира в момента Статус (Текущо местоположение) Дата на вписване в системата Местоположение - отдел Цена в лева Инвентарен номер Систематично азбучна сигнатура Баркод Номер на екземпляра Цена в евро Служебна бележка Служебен тип на артикула
  Не е изгубен Universal Decimal Classification Не е повреден без рестрикции ползва се в читалня 41644 Регионална библиотека "Любен Каравелов" Русе Регионална библиотека "Любен Каравелов" Русе Хранилище 2001-01-01 Хранилище 0.00 648777 Цб 200859 120000648777 1 0.00 Дост: Dp Вид: Д N: стар фонд Дата: 01.01.1999 Книги
  Не е изгубен Universal Decimal Classification Не е повреден без рестрикции ползва се в читалня 41645 Регионална библиотека "Любен Каравелов" Русе Регионална библиотека "Любен Каравелов" Русе Читалня 2001-01-01 Читалня 8.00 654363 Ч 308(4)/Б 87 120000654363 2 4.09 Дост: Pk Вид: Ф N: стар фонд Дата: 01.01.1999 Дата инв: 30.03.2017 Бележки инв: Ч2017 Книги
Изтеглен Не е изгубен Universal Decimal Classification Не е повреден без рестрикции заемане за дома 41646 Регионална библиотека "Любен Каравелов" Русе Регионална библиотека "Любен Каравелов" Русе Детски отдел 2001-01-01 Детски отдел 8.00 654444 ДН 308(4)/Б 87 654444 3 4.09 Дост: Pk Вид: Ф N: стар фонд Дата: 01.01.1999 Дата инв: 20.08.2015 Бележки инв: Д2015 Книги
  Не е изгубен   Не е повреден без рестрикции заемане за дома 41647 Регионална библиотека "Любен Каравелов" Русе Регионална библиотека "Любен Каравелов" Русе Заемна - подръчен фонд 2007-10-12 Заемна - подръчен фонд 14.00 120000718158 П 308(4)/Б 87 120000718158 4 7.16 Дост: Pk Вид: Ф N: 9219 Дата: 01.10.2007 Дата инв: 02.02.2018 Бележки инв: П2018 Книги
  Не е изгубен   Не е повреден без рестрикции заемане за дома 41648 Регионална библиотека "Любен Каравелов" Русе Регионална библиотека "Любен Каравелов" Русе Заемна - подръчен фонд 2007-10-12 Заемна - подръчен фонд 14.00 120000718159 П 308(4)/Б 87 120000718159 5 7.16 Дост: Pk Вид: Ф N: 9219 Дата: 01.10.2007 Дата инв: 02.02.2018 Бележки инв: П2018 Книги
  Не е изгубен   Не е повреден без рестрикции заемане за дома 41649 Регионална библиотека "Любен Каравелов" Русе Регионална библиотека "Любен Каравелов" Русе Заемна - подръчен фонд 2007-10-12 Заемна - подръчен фонд 14.00 120000718160 П 308(4)/Б 87 120000718160 6 7.16 Дост: Pk Вид: Ф N: 9219 Дата: 01.10.2007 Дата инв: 02.02.2018 Бележки инв: П2018 Книги
  Не е изгубен   Не е повреден без рестрикции заемане за дома 41650 Регионална библиотека "Любен Каравелов" Русе Регионална библиотека "Любен Каравелов" Русе Заемна - подръчен фонд 2007-10-12 Заемна - подръчен фонд 14.00 120000718161 П 308(4)/Б 87 120000718161 7 7.16 Дост: Pk Вид: Ф N: 9219 Дата: 01.10.2007 Дата инв: 02.02.2018 Бележки инв: П2018 Книги
Vip Innovations Ltd, Rousse, Bulgaria 2025